Pharmaceutical price regulation in the theory of redistribution systems
Pravidlá farmaceutického priemyslu a jeho pravidiel fungovania. Analýza správania výrobcov a distribútorov liečiv na základe regulácií štátu. Definícia optimálneho (regulovaného) hraničného zisku v distribučnom a predajnom reťazci. Teória hier a teória redistribučných systémov.
Salvato in:
| Autore principale: | |
|---|---|
| Altri autori: | , , |
| Natura: | Capitolo di libro |
| Lingua: | inglese |
| Soggetti: | |
| Tags: |
Nessun Tag, puoi essere il primo ad aggiungerne!!
|
MARC
| LEADER | 00000naa a2200000 4500 | ||
|---|---|---|---|
| 001 | 0192747 | ||
| 005 | 20231128131930.8 | ||
| 041 | 0 | |a eng | |
| 044 | |a CZ | ||
| 245 | 1 | 0 | |a Pharmaceutical price regulation in the theory of redistribution systems |c Veronika Svatošová, J. Žahour, Zita Košnarová, Bohuslav Sekerka |
| 520 | |a Pravidlá farmaceutického priemyslu a jeho pravidiel fungovania. Analýza správania výrobcov a distribútorov liečiv na základe regulácií štátu. Definícia optimálneho (regulovaného) hraničného zisku v distribučnom a predajnom reťazci. Teória hier a teória redistribučných systémov. | ||
| 610 | 2 | 0 | |a miera zisku |
| 610 | 2 | 0 | |a priemysel farmaceutický |
| 610 | 2 | 0 | |a metódy optimalizačné |
| 610 | 2 | 0 | |a ceny regulované |
| 610 | 2 | 0 | |a teória regulovania |
| 610 | 2 | 0 | |a teória úžitku |
| 100 | 1 | |a Svatošová, Veronika | |
| 700 | 1 | |a Žahour, Jan | |
| 700 | 1 | |a Košnarová, Zita | |
| 700 | 1 | |a Sekerka, Bohuslav | |